Estudios linguísticos, literarios, culturales y semióticos / (Registro nro. 15185)

Detalles MARC
000 -CABECERA
campo de control de longitud fija 02988nam a2200349 a 4500
001 - NÚMERO DE CONTROL
campo de control 000035751
003 - IDENTIFICADOR DEL NÚMERO DE CONTROL
campo de control DO-SdBPM
005 - FECHA Y HORA DE LA ÚLTIMA TRANSACCIÓN
campo de control 20250618124714.0
007 - CAMPO FIJO DE DESCRIPCIÓN FÍSICA--INFORMACIÓN GENERAL
campo de control de longitud fija ta
008 - DATOS DE LONGITUD FIJA--INFORMACIÓN GENERAL
campo de control de longitud fija 111110s2011 dr 001 m spa d
020 ## - NÚMERO INTERNACIONAL ESTÁNDAR DEL LIBRO
Número Internacional Estándar del Libro 9789945423211
040 ## - FUENTE DE LA CATALOGACIÓN
Centro catalogador/agencia de origen DO-SdBPM
Lengua de catalogación spa
Centro/agencia transcriptor BPMSU
Centro/agencia modificador rda
082 #4 - NÚMERO DE LA CLASIFICACIÓN DECIMAL DEWEY
Número de clasificación RD860.4409
Número de documento/Ítem C422e 2011
Número de edición 22
100 1# - ENTRADA PRINCIPAL--NOMBRE DE PERSONA
Nombre de persona Céspedes, Diógenes,
Fechas asociadas al nombre 1941-
Término indicativo de función/relación autor
245 10 - MENCIÓN DE TÍTULO
Título Estudios linguísticos, literarios, culturales y semióticos /
Mención de responsabilidad, etc. Diógenes Céspedes.
264 ## - PRODUCCIÓN, PUBLICACIÓN, DISTRIBUCIÓN, FABRICACIÓN Y COPYRIGHT
Producción, publicación, distribución, fabricación y copyright Santo Domingo :
Nombre del de productor, editor, distribuidor, fabricante Universidad APEC,
Fecha de producción, publicación, distribución, fabricación o copyright 2011
300 ## - DESCRIPCIÓN FÍSICA
Extensión 470 páginas :
Otras características físicas ilustraciones ;
Dimensiones 24 cm.
336 ## - TIPO DE CONTENIDO
Término de tipo de contenido texto
Código de tipo de contenido txt
Fuente rdacontent
337 ## - TIPO DE MEDIO
Nombre/término del tipo de medio sin mediación
Código del tipo de medio n
Fuente rdamedia
338 ## - TIPO DE SOPORTE
Nombre/término del tipo de soporte volumen
Código del tipo de soporte nc
Fuente rdacarrier
500 ## - NOTA GENERAL
Nota general Incluye referencias bibliográficas y notas al pie de las páginas.
505 0# - NOTA DE CONTENIDO CON FORMATO
Nota de contenido con formato Lingüística 17|Por una reforma de la ortografía española 19|Mitos lingüísticos en los diarios y otros escritos de Colón 37|Discurso de ingreso de Diógenes Céspedes a la Academia Dominicana de Lengua 59|Lingüística, poética, crítica literaria y gramática a partir del siglo XXI 59|Hay que volver a Saussure : el triste caso de la lingüística hispanoamericana 95|Diccionario de dominicanismos, de Carlos Esteban Deive 111|Irving A. Leonard : un libro ejemplar sobre libros 115|Lo nuevo y lo viejo en el sociolecto de la juventud 123|Estudios poéticos 147|"La mancha indeleble" : valor poético y modernidad de la narrativa latinoamericana 149|Crítica al "concepto" político de identidad 161|Mario Vargas Llosa o la subordinación de la ficción a la historia 177|La dimensión de la ficción y su práctica en Pedro Henríquez Ureña 187|Vigencia de Juan Sánchez Lamouth : una mirada a su época (y a la nuestra) 235|Presentación de la novela "Guerrilla nuestra de cada día", de Efraim Castillo 2553|Discurso ante los invitados al acto de inauguración de la Decimotercera Conferencia de la Asociación Internacional de Literatura Femenina Hispánica 255|Obras y autores dominicanos sobresalientes de los siglos XX y XXI 261|Las novelas de Lacay Polanco 287|Manolo, novela intrahistórica de Edwin Disla 295|La crítica de lo político en tres poemas escénicos de Franklin Mieses Burgos : la ciudad inefable, El héroe, Medea 311|Valor literario y latinoamericanismo en siete cuentos y medio de Juan Bosch 337|Cultura y semiótica 383|El proyecto sociopolítico de Adalberto Chapuseaux 385|Un prólogo necesario : receta para no ser racista 413|La caricatura periodística dominicana hoy día 419
590 ## - NOTA LOCAL (RLIN)
Nota local Inventariado, 2025/VM
650 #7 - PUNTO DE ACCESO ADICIONAL DE MATERIA--TÉRMINO DE MATERIA
Término de materia o nombre geográfico como elemento de entrada Literatura dominicana.
650 #7 - PUNTO DE ACCESO ADICIONAL DE MATERIA--TÉRMINO DE MATERIA
Término de materia o nombre geográfico como elemento de entrada Poesía latinoamericana
Subdivisión general Historia y crítica
650 #7 - PUNTO DE ACCESO ADICIONAL DE MATERIA--TÉRMINO DE MATERIA
Término de materia o nombre geográfico como elemento de entrada Autores latinoamericanos
Subdivisión general Historia y crítica
650 #4 - PUNTO DE ACCESO ADICIONAL DE MATERIA--TÉRMINO DE MATERIA
Término de materia o nombre geográfico como elemento de entrada Lenguaje y cultura
Subdivisión general Ensayos, conferencias, etc.
650 #4 - PUNTO DE ACCESO ADICIONAL DE MATERIA--TÉRMINO DE MATERIA
Término de materia o nombre geográfico como elemento de entrada Linguística
Subdivisión general Ensayos, conferencias, etc.
650 #4 - PUNTO DE ACCESO ADICIONAL DE MATERIA--TÉRMINO DE MATERIA
Término de materia o nombre geográfico como elemento de entrada Semiótica y literatura
Subdivisión general Ensayos, conferencias, etc.
910 ## - DATOS DE OPCIÓN DEL USUARIO (OCLC)
Datos de opción del usuario VMateo V. Control de calidad BPMSU
942 ## - ELEMENTOS DE PUNTO DE ACCESO ADICIONAL (KOHA)
Fuente del sistema de clasificación o colocación Dewey Decimal Classification
Tipo de ítem Koha Libros
Existencias
Estado de retiro Estado de pérdida Fuente del sistema de clasificación o colocación No para préstamo Código de colección Localización permanente Ubicación/localización actual Fecha de adquisición Total de préstamos Signatura topográfica completa Código de barras Fecha visto por última vez Precio válido a partir de Tipo de ítem Koha
    Dewey Decimal Classification   Colección Dominicana Biblioteca Pública Metropolitana Salomé Ureña Biblioteca Pública Metropolitana Salomé Ureña 06/18/2025   BPMSU CD RD860.4409 C422e 2011 BPMSU25060074 06/18/2025 06/18/2025 Libros